LIBRARY & INFORMATION CENTRE, KCAET, TAVANUR

ONLINE PUBLIC ACCESS CATALOGUE (OPAC)

Open channel flow / (Record no. 7345)

MARC details
000 -LEADER
fixed length control field 00461cam a2200181ua 4500
041 ## - LANGUAGE CODE
Language code of text/sound track or separate title eng
082 ## - DEWEY DECIMAL CLASSIFICATION NUMBER
Classification number 532.54
Item number HEN/OP
100 ## - MAIN ENTRY--AUTHOR NAME
Personal name Henderson, F M.
245 ## - TITLE STATEMENT
Title Open channel flow /
250 ## - EDITION STATEMENT
Edition statement 1 /
260 ## - PUBLICATION, DISTRIBUTION, ETC. (IMPRINT)
Place of publication New York :
Name of publisher McMillan Publishing Co ,
Year of publication 1966.
300 ## - PHYSICAL DESCRIPTION
Number of Pages 522 ; .
490 0# - SERIES STATEMENT
Series statement McMillan Series,
Volume number/sequential designation
942 ## - ADDED ENTRY ELEMENTS (KOHA)
Koha item type Books
Holdings
Withdrawn status Lost status Damaged status Home library Current library Date acquired Full call number Accession Number Koha item type
      KAUAET KAUAET 07/04/2012 532.54 HEN/OP 15944 Books
free website counter